|
|
|
|
| LEADER |
00000nam a2200000 a 4500 |
| 001 |
vtls001376819 |
| 003 |
SK-MaSNL |
| 005 |
20260301115447.0 |
| 008 |
160208s1999 xo a r 0 slo |
| 015 |
|
|
|a SNBA2000/01-00143
|
| 020 |
|
|
|a 8085699060
|
| 035 |
|
|
|a SNK000330757
|
| 035 |
|
|
|a urn:nbn:sk:snk-amkkc2
|
| 035 |
|
|
|a urn:nbn:sk:snk-am003c3k
|
| 035 |
|
|
|a 4556907D-D21B-4D3F-8CAC-4E8C0D01767E
|
| 040 |
|
|
|a SNK
|b slo
|c SNK
|e AACR2
|
| 041 |
0 |
|
|a slo
|
| 044 |
|
|
|a xo
|c SK
|
| 080 |
|
|
|a 796.52(235.243)
|2 1981
|
| 245 |
0 |
0 |
|a Slováci na Evereste 1984-1998
|
| 260 |
|
|
|a [Trnava]
|b S-GLÓBUS-S
|c [1999]
|
| 300 |
|
|
|a 95 s.
|b fareb. fotogr.
|c 21 cm
|
| 500 |
|
|
|a Obalový názov
|
| 650 |
0 |
7 |
|a horolezecké expedície
|2 SNK
|9 1570
|
| 655 |
|
7 |
|a príručky
|2 SNK
|9 74364
|
| 919 |
|
|
|a 80-85699-06-0
|
| 958 |
|
|
|a TL
|
| 999 |
|
|
|c 722285
|d 724215
|
| 952 |
|
|
|t P60, <03>, [BOOK], {603}
|a SNK
|b SNK
|y PREZ
|7 0
|p 17A0216657
|o snkSC 100090
|i snkKSP 11186/99
|0 0
|1 0
|4 0
|d 1999-11-15
|f 1
|l 0
|r 2025-09-19 00:00:00
|w 2026-02-23
|